|
|
|
|
| LEADER |
00000nab a2200000 a 4500 |
| 001 |
vtls000094693 |
| 003 |
SK-MaSNL |
| 005 |
20260303022357.0 |
| 008 |
111104c1981 xo 0 slo |
| 015 |
|
|
|a SNBRB19rr/mm-uuuuu
|
| 035 |
|
|
|a CL0104796
|
| 040 |
|
|
|a SNKBUCL
|b slo
|c SNKBUCL
|e AACR2
|
| 041 |
0 |
|
|a slo
|
| 044 |
|
|
|a xo
|c SK
|
| 080 |
|
|
|a 885.4-8
|2 1981
|
| 100 |
1 |
|
|a Dobrovičová, Margita,
|d 1953-1994
|4 aut
|9 122722
|
| 245 |
1 |
0 |
|a Aforizmy
|c Margita Dobrovičová
|
| 500 |
|
|
|a (Číslo z júla 1981.)
|
| 650 |
0 |
7 |
|a aforizmy
|2 snkbucl
|9 75179
|
| 655 |
|
7 |
|a články z novín a časopisov
|2 snkbucl
|9 267496
|
| 655 |
|
7 |
|a články z odboru literárna veda a krásna literatúra
|2 snkbucl
|9 770045
|
| 773 |
0 |
|
|t Nové slovo mladých
|g Roč. 4, č. 8 (1981), s. 5
|
| 850 |
|
|
|a Slovenská národná knižnica v Martine
|a MTA001
|
| 852 |
|
|
|a SNK
|b KIS3GCP
|
| 958 |
|
|
|a RK
|
| 958 |
|
|
|a LX
|
| 992 |
|
|
|a RBX
|
| 999 |
|
|
|c 1628421
|d 1630351
|